LEADER 00887nam0-22003011i-450- 001 990006166020403321 005 19980601 035 $a000616602 035 $aFED01000616602 035 $a(Aleph)000616602FED01 035 $a000616602 100 $a19980601d1979----km-y0itay50------ba 105 $a--------00-yy 200 1 $aCase Studies in Cost-Benefit Analysis$fKenneth J. Button, Peter J. Barker. 210 $aLondon$cHeinemann Educational Books$d1979 215 $a90 p.$d24 cm 225 1 $a"Case Studies in Economic Analysis"$v2 676 $a338.51 700 1$aButton,$bKenneth$f<1948- >$0128824 702 1$aBarker,$bPeter J. 801 0$aIT$bUNINA$gRICA$2UNIMARC 901 $aBK 912 $a990006166020403321 952 $aXV G2 3 (2)$b110829$fFGBC 959 $aFGBC 996 $aCase Studies in Cost-Benefit Analysis$9644598 997 $aUNINA DB $aGIU01 LEADER 01848nam 2200505 450 001 9910806946003321 005 20220526112925.0 010 $a3-905758-48-2 035 $a(CKB)4100000011744974 035 $a(MiAaPQ)EBC6462882 035 $a(Au-PeEL)EBL6462882 035 $a(OCoLC)1235599924 035 $a(OCoLC)1273307519 035 $a(MdBmJHUP)musev2_82453 035 $a(EXLCZ)994100000011744974 100 $a20220526d2012 uy 0 101 0 $ager 135 $aurcnu|||||||| 181 $ctxt$2rdacontent 182 $cc$2rdamedia 183 $acr$2rdacarrier 200 10$aBruchstucke $eForschungsreisen in Deutsch-Su?dwestafrika /$fHans Schinz ; herausgegeben von Dag Henrichsen 210 1$aBasel, Switzerland :$cBasler Afrika Bibliographien,$d[2012] 210 4$dİ2012 215 $a1 online resource (218 pages) 225 0 $aLives, legacies, legends,$x1660-9638$v9 300 $aRegister. 311 $a3-905758-32-6 327 $aCover -- Title page -- Copyright page -- Contents - Inhalt -- "Bruchstu?cke nach Hausebringen" -- Hans Schinz aus Zu?rich -- Koloniale Bestrebungen, afrikanische Moderne und Forschungsreisen -- "Afrikanische" Sammlungen, Forschung und Karriere -- Zu dieser Ausgabe -- Ethnonyme -- Botanische Namen -- Skizzen und Fotografien -- Entstehungskontext und Dank. 606 $aBotanists$zSwitzerland$vBiography 606 $aSwiss$zNamibia$vBiography 607 $aNamibia$xDescription and travel 615 0$aBotanists 615 0$aSwiss 676 $a916.88104 700 $aSchinz$b Hans$f1858-1941,$01231592 702 $aHenrichsen$b Dag 712 02$aBasler Afrika Bibliographien. 801 0$bMiAaPQ 801 1$bMiAaPQ 801 2$bMiAaPQ 906 $aBOOK 912 $a9910806946003321 996 $aBruchstucke$92859617 997 $aUNINA